Basic engineering geology and soil mechanics
The book deals with geodynamic processes and phenomena, methods of investigating physical and mechanical properties of soil and its characteristics providing a foundation for transportation structures
Saved in:
| Main Author: | |
|---|---|
| Format: | Book |
| Language: | Undetermined |
| Published: |
Moscow
Mir Pub.
1987
|
| Subjects: | |
| Tags: |
Add Tag
No Tags, Be the first to tag this record!
|
| Institutions: | Trung tâm Học liệu Trường Đại học Cần Thơ |
|---|
| LEADER | 00721nam a2200193Ia 4500 | ||
|---|---|---|---|
| 001 | CTU_18190 | ||
| 008 | 210402s9999 xx 000 0 und d | ||
| 082 | |a 624.15136 | ||
| 082 | |b M349 | ||
| 100 | |a Maslov, N. N. | ||
| 245 | 0 | |a Basic engineering geology and soil mechanics | |
| 245 | 0 | |c N. N. Maslov, V. V. kuznetsov | |
| 260 | |a Moscow | ||
| 260 | |b Mir Pub. | ||
| 260 | |c 1987 | ||
| 520 | |a The book deals with geodynamic processes and phenomena, methods of investigating physical and mechanical properties of soil and its characteristics providing a foundation for transportation structures | ||
| 650 | |a Geology,Soil mechanics | ||
| 904 | |i Minh, QHieu | ||
| 980 | |a Trung tâm Học liệu Trường Đại học Cần Thơ | ||